Computational fluid dynamics (Record no. 5417)

000 -LEADER
fixed length control field 00558nam a22002054a 4500
001 - CONTROL NUMBER
control field 5417
003 - CONTROL NUMBER IDENTIFIER
control field BD-DhUET
008 - FIXED-LENGTH DATA ELEMENTS--GENERAL INFORMATION
fixed length control field 001218s2002 enka b 001 0 eng
020 ## - INTERNATIONAL STANDARD BOOK NUMBER
International Standard Book Number 0521594162
040 ## - CATALOGING SOURCE
Original cataloging agency DLC
Transcribing agency DLC
Modifying agency BD-DhUET
082 00 - DEWEY DECIMAL CLASSIFICATION NUMBER
Classification number 532.050285
Item number CHU/2002
100 ## - MAIN ENTRY--PERSONAL NAME
Personal name Chung, T. J.
245 10 - TITLE STATEMENT
Title Computational fluid dynamics
250 ## - EDITION STATEMENT
Edition statement 1st ed.
260 ## - PUBLICATION, DISTRIBUTION, ETC. (IMPRINT)
Place of publication, distribution, etc. New York
Name of publisher, distributor, etc. Cambridge University Press
Date of publication, distribution, etc. 2002
300 ## - PHYSICAL DESCRIPTION
Extent xxiii, 1012 p.
Other physical details ill.
Dimensions 26 cm.
504 ## - BIBLIOGRAPHY, ETC. NOTE
Bibliography, etc Includes bibliographies
650 #0 - SUBJECT ADDED ENTRY--TOPICAL TERM
Topical term or geographic name as entry element Fluid dynamics - Data processing
942 ## - ADDED ENTRY ELEMENTS (KOHA)
Koha item type General Book
Holdings
Piece designation (barcode) Koha item type Shelving location Price effective from Koha normalized classification for sorting Location (home branch) Koha full call number Date acquired Not for loan Sublocation or collection (holding branch) Damaged status Koha date last seen Lost status Source of classification or shelving scheme Withdrawn status Copy number
103636General BookCirculation section2014-11-26532_000000000000000_050285CHU2Central Library, BUET532.050285/CHU/20022014-11-26 Central Library, BUET 2017-10-11   1
101213Reading ItemReading section2015-06-22532_050285000000000_CHU_2002Central Library, BUET532.050285/CHU/20022015-06-22 Central Library, BUET 2015-06-22   2
102625General BookCirculation section2015-08-24532_050285000000000_CHU_2002Central Library, BUET532.050285/CHU/20022015-08-24 Central Library, BUET 2022-04-24   3
103637General BookCirculation section2018-05-07532_050285000000000_CHU_2002Central Library, BUET532.050285/CHU/20022007-05-27 Central Library, BUET 2018-05-07   4